Welche Stadt in Deutschland? - Statistiken

Allgemein
  • Dieses Quiz wurde 37.559 mal gespielt
  • Das Durchschnittsergebnis liegt bei 17 aus 20
Antwortstatistiken
Beschreibung Stadt % Korrekt
Hauptstadt Deutschlands Berlin
100%
Hauptstadt Bayerns München
99%
Diese "Freie und Hansestadt" ist die bevölkerungsreichste an der Elbe Hamburg
98%
Finanzhauptstadt Deutschlands Frankfurt
96%
Die Kathedrale dieser Stadt war das höchste Gebäude der Welt von 1880-1884 Köln
96%
Hauptstadt der BRD von 1949 bis 1990 Bonn
93%
Heimat von Porsche und Mercedes Stuttgart
92%
Der zweite Buchstabe dieser Stadt ist ein ü Düsseldorf
89%
Ort von Nazigesetzen und Naziprozessen Nürnberg
89%
Größte deutsche Stadt an der Ostsee Kiel
87%
Umstrittene Luftangriffe der USA und Großbritannien auf diese Stadt im Februar 1945 Dresden
83%
Westlichste Großstadt Deutschlands und Heimat von Karl dem Großen Aachen
82%
Neuntgrößte Stadt. Heimat von Krupp Essen
82%
Diese Stadt existiert eigentlich gar nicht Bielefeld
80%
Diese Stadt gab einem östlichen Bundesland seinen Namen Brandenburg
77%
Die Königsdynastie dieser Stadt regierte Großbritannien von 1714-1901 Hannover
77%
Die drei Hauptalliierten trafen sich im August 1945 hier Potsdam
75%
J.S. Bach starb in dieser Stadt Leipzig
71%
Heimat von Deutschlands ältester Universität Heidelberg
70%
Carl Friedrich Benz erfand das Auto während er in dieser Stadt am Zusammenfluss von Neckar und Rhein arbeitete Mannheim
60%
Keine übereinstimmenden Quizze gefunden
Verteilung der Resultate
Anzahl Personen mit jedem Resultat
Perzentil nach korrekt beantworteten Fragen
Ihre Resultats-Entwicklung
Sie haben dieses Quiz noch nicht gespielt